Um dia na Lisboa dos descobrimentos (Registo nº 684)

Detalhes MARC
000 -Etiqueta do registo
Cabeçalho 00893cam a2200325 4500
005 - Identificador da versão
Campo de controlo 20240813121809.0
095 ## -
-- PTBN00394127
010 ## - Número internacional normalizado dos livros (ISBN)
Número (ISBN) 9722107658
021 ## - Número do Depósito Legal
Código do país PT
Número 55919/92
035 ## - Other System Control Numbers
System Control Number 0000713
System Control Number 0000709
System Control Number 0000709
System Control Number 0000697
100 ## - Dados gerais de processamento
Dados gerais de processamento 19921022d1992 cd y0pory5003 ba
102 ## - Pais de publicação ou produção
País de publicação Portugal
101 0# - Língua de publicação
Língua do texto, banda sonora, etc. Português
106 ## - Campo de dados codificados: material textual
Dados codificados do material textual r
105 ## - Campo de dados codificados: livros
Dados codificados dos livros a z 000ay
215 ## - Descrição física 
Indicação específica da natureza do documento e extensão da espécie 31 p.
Outras indicações físicas il.
Dimensões 24 cm
200 1# - Titulo e menção de responsabilidade
Título próprio Um dia na Lisboa dos descobrimentos
Primeira menção de responsabilidade Glória Bastos
Outras menções de responsabilidade il. Jorge Ramos
225 2# - Colecção 
Título próprio da colecção Á descoberta com Gil e Inês
Indicação de volume 2
210 ## - Publicação, Distribuição, etc. 
Lugar da edição, distribuição, etc. Lisboa
Nome do editor, distribuidor, etc. Caminho
Data da publicação, distribuição, etc. cop. 1992
675 ## - Classificação Decimal Universal (CDU)
Notação 087.5
Edição BN
Língua da edição por
Edição BN
Língua da edição por
Notação 94(469)(045)"1806/1815"
Edição BN
Língua da edição por
Edição BN
Língua da edição por
702 #1 - Nome de autor-pessoa física (responsabilidade secundária)
Número de registo de entrada de autoridade 0000901
Palavra de ordem Barros
Outra parte do nome não tomada para palavra de ordem Jorge
Datas 1944-
Código de função Ilustrador / Técnico de desenho computorizado
700 #1 - Nome de autor-pessoa física (responsabilidade principal)
Número de registo de entrada de autoridade 0000900
Palavra de ordem Bastos
Outra parte do nome não tomada para palavra de ordem Glória
Datas 1960-
942 ## - Elementos de entrada adicionados (Koha)
Tipo de item no Koha Livro
Exemplares
Situação do levantamento Origin of item (home branch) (coded) Biblioteca de empréstimo Código de barras Circulation type (not for loan) Tipo de documento Nota do exemplar Damaged status
  Biblioteca Escolar Eng. Nuno Mergulhão Biblioteca Escolar Eng. Nuno Mergulhão BENM1172   Livro Sem mensagem